Proposal for the extension of the comma comma system to accomodate cDNA clones, genomic clones, and RFLP fragments (Record no. 66005)

MARC details
000 -LEADER
fixed length control field 00444nam a2200145Ia 4500
100 ## - MAIN ENTRY--AUTHOR NAME
Personal name Wettstein-Knowles P Von
245 #0 - TITLE STATEMENT
Title Proposal for the extension of the comma comma system to accomodate cDNA clones, genomic clones, and RFLP fragments
260 ## - PUBLICATION, DISTRIBUTION, ETC. (IMPRINT)
Name of publisher Barley genetics newsletter
Year of publication 1991
300 ## - PHYSICAL DESCRIPTION
Number of Pages 79-82
500 ## - GENERAL NOTE
General note Source Year: 1994
650 ## - SUBJECT ADDED ENTRY--TOPICAL TERM
Topical Term RFLP
856 ## - ELECTRONIC LOCATION AND ACCESS
Uniform Resource Identifier PBA
942 ## - ADDED ENTRY ELEMENTS (KOHA)
Koha item type Journals
Holdings
Withdrawn status Lost status Damaged status Not for loan Home library Current library Date acquired Serial Enumeration / chronology Koha item type
      Journals RRII Library RRII Library 17/12/2021 Volume 21, Issue Journals